<?xml version="1.0" encoding="UTF-8"?>
<collection xmlns="http://www.loc.gov/MARC21/slim">
 <record>
  <leader>02444caa a2200493 c 4500</leader>
  <controlfield tag="001">1464869952</controlfield>
  <controlfield tag="003">DE-627</controlfield>
  <controlfield tag="005">20251209144934.0</controlfield>
  <controlfield tag="007">cr cn 008aaaaa</controlfield>
  <controlfield tag="008">131029s1979    xx |||||oo    00| ||ger c</controlfield>
  <datafield tag="024" ind1="7" ind2=" ">
   <subfield code="a">urn:nbn:de:bsz:16-kb-112837</subfield>
   <subfield code="2">urn</subfield>
  </datafield>
  <datafield tag="024" ind1="7" ind2=" ">
   <subfield code="a">10.11588/kb.1979.6.11283</subfield>
   <subfield code="2">doi</subfield>
  </datafield>
  <datafield tag="035" ind1=" " ind2=" ">
   <subfield code="a">(DE-627)1464869952</subfield>
  </datafield>
  <datafield tag="035" ind1=" " ind2=" ">
   <subfield code="a">(DE-576)394869958</subfield>
  </datafield>
  <datafield tag="035" ind1=" " ind2=" ">
   <subfield code="a">(DE-599)BSZ394869958</subfield>
  </datafield>
  <datafield tag="035" ind1=" " ind2=" ">
   <subfield code="a">(OCoLC)1263324281</subfield>
  </datafield>
  <datafield tag="040" ind1=" " ind2=" ">
   <subfield code="a">DE-627</subfield>
   <subfield code="b">ger</subfield>
   <subfield code="c">DE-627</subfield>
   <subfield code="e">rakwb</subfield>
  </datafield>
  <datafield tag="041" ind1=" " ind2=" ">
   <subfield code="a">ger</subfield>
  </datafield>
  <datafield tag="084" ind1=" " ind2=" ">
   <subfield code="a">9,10</subfield>
   <subfield code="2">ssgn</subfield>
  </datafield>
  <datafield tag="100" ind1="1" ind2=" ">
   <subfield code="a">Dilly, Heinrich</subfield>
   <subfield code="d">1941-2019</subfield>
   <subfield code="0">(DE-588)129780251</subfield>
   <subfield code="0">(DE-627)479338612</subfield>
   <subfield code="0">(DE-576)297832158</subfield>
   <subfield code="4">aut</subfield>
  </datafield>
  <datafield tag="245" ind1="1" ind2="0">
   <subfield code="a">Deneke, Bernward, Das Germanische Nationalmuseum Nürnberg 1852 - 1977</subfield>
   <subfield code="b">Beiträge zu seiner Geschichte; [Rezension]</subfield>
   <subfield code="c">Heinrich Dilly</subfield>
  </datafield>
  <datafield tag="264" ind1=" " ind2="1">
   <subfield code="c">1979</subfield>
  </datafield>
  <datafield tag="336" ind1=" " ind2=" ">
   <subfield code="a">Text</subfield>
   <subfield code="b">txt</subfield>
   <subfield code="2">rdacontent</subfield>
  </datafield>
  <datafield tag="337" ind1=" " ind2=" ">
   <subfield code="a">Computermedien</subfield>
   <subfield code="b">c</subfield>
   <subfield code="2">rdamedia</subfield>
  </datafield>
  <datafield tag="338" ind1=" " ind2=" ">
   <subfield code="a">Online-Ressource</subfield>
   <subfield code="b">cr</subfield>
   <subfield code="2">rdacarrier</subfield>
  </datafield>
  <datafield tag="533" ind1=" " ind2=" ">
   <subfield code="a">Online-Ausg.</subfield>
   <subfield code="b">Heidelberg</subfield>
   <subfield code="c">Univ.-Bibl.</subfield>
   <subfield code="d">2013</subfield>
   <subfield code="e">Online-Ressource</subfield>
   <subfield code="7">|2013||||||||||</subfield>
  </datafield>
  <datafield tag="583" ind1="1" ind2=" ">
   <subfield code="a">Archivierung/Langzeitarchivierung gewährleistet</subfield>
   <subfield code="x">XA-DE-BW</subfield>
   <subfield code="2">pdager</subfield>
   <subfield code="5">DE-16</subfield>
  </datafield>
  <datafield tag="655" ind1=" " ind2="7">
   <subfield code="a">Rezension</subfield>
   <subfield code="0">(DE-588)4049712-4</subfield>
   <subfield code="0">(DE-627)106186019</subfield>
   <subfield code="0">(DE-576)209083166</subfield>
   <subfield code="2">gnd-content</subfield>
  </datafield>
  <datafield tag="689" ind1="0" ind2="0">
   <subfield code="d">b</subfield>
   <subfield code="0">(DE-588)36441-1</subfield>
   <subfield code="0">(DE-627)100837735</subfield>
   <subfield code="0">(DE-576)190346388</subfield>
   <subfield code="a">Germanisches Nationalmuseum</subfield>
   <subfield code="2">gnd</subfield>
  </datafield>
  <datafield tag="689" ind1="0" ind2="1">
   <subfield code="a">z</subfield>
   <subfield code="2">gnd</subfield>
   <subfield code="a">Geschichte 1852-1977</subfield>
  </datafield>
  <datafield tag="689" ind1="0" ind2=" ">
   <subfield code="5">(DE-627)</subfield>
  </datafield>
  <datafield tag="773" ind1="0" ind2="8">
   <subfield code="i">In</subfield>
   <subfield code="t">Kritische Berichte</subfield>
   <subfield code="d">Heidelberg : arthistoricum.net, 1973</subfield>
   <subfield code="g">7(1979), 6, Seite 41-43</subfield>
   <subfield code="h">Online-Ressource</subfield>
   <subfield code="w">(DE-627)751049069</subfield>
   <subfield code="w">(DE-600)2722286-X</subfield>
   <subfield code="w">(DE-576)385942125</subfield>
   <subfield code="x">2197-7410</subfield>
   <subfield code="7">nnas</subfield>
  </datafield>
  <datafield tag="773" ind1="1" ind2="8">
   <subfield code="g">volume:7</subfield>
   <subfield code="g">year:1979</subfield>
   <subfield code="g">number:6</subfield>
   <subfield code="g">pages:41-43</subfield>
  </datafield>
  <datafield tag="787" ind1="0" ind2="8">
   <subfield code="i">Rezension von</subfield>
   <subfield code="t">Das Germanische Nationalmuseum Nürnberg 1852 - 1977</subfield>
   <subfield code="d">München [u.a.] : Dt. Kunstverl., 1978</subfield>
   <subfield code="h">1242 S.</subfield>
   <subfield code="w">(DE-627)027230090</subfield>
   <subfield code="w">(DE-576)007642342</subfield>
   <subfield code="z">3422006842</subfield>
  </datafield>
  <datafield tag="856" ind1="4" ind2="0">
   <subfield code="u">http://nbn-resolving.de/urn:nbn:de:bsz:16-kb-112837</subfield>
   <subfield code="x">Verlag</subfield>
   <subfield code="x">Resolving-System</subfield>
   <subfield code="z">kostenfrei</subfield>
   <subfield code="3">Volltext</subfield>
   <subfield code="7">0</subfield>
  </datafield>
  <datafield tag="856" ind1="4" ind2="0">
   <subfield code="u">http://dx.doi.org/10.11588/kb.1979.6.11283</subfield>
   <subfield code="x">Verlag</subfield>
   <subfield code="x">Resolving-System</subfield>
   <subfield code="z">kostenfrei</subfield>
   <subfield code="3">Volltext</subfield>
   <subfield code="7">0</subfield>
  </datafield>
  <datafield tag="935" ind1=" " ind2=" ">
   <subfield code="h">SWB</subfield>
   <subfield code="i">ld</subfield>
  </datafield>
  <datafield tag="951" ind1=" " ind2=" ">
   <subfield code="a">AR</subfield>
  </datafield>
  <datafield tag="994" ind1=" " ind2=" ">
   <subfield code="u">https://journals.ub.uni-heidelberg.de/index.php/kb/article/view/11283</subfield>
  </datafield>
  <datafield tag="994" ind1=" " ind2=" ">
   <subfield code="u">https://journals.ub.uni-heidelberg.de/index.php/kb/article/view/11283/5145</subfield>
  </datafield>
  <datafield tag="990" ind1=" " ind2=" ">
   <subfield code="a">Germanisches Nationalmuseum</subfield>
  </datafield>
  <datafield tag="990" ind1=" " ind2=" ">
   <subfield code="a">Geschichte 1852-1977</subfield>
  </datafield>
  <datafield tag="991" ind1=" " ind2=" ">
   <subfield code="a">Rezension (Monographie, Zeitschrift, Aufsatz)</subfield>
  </datafield>
  <datafield tag="999" ind1=" " ind2=" ">
   <subfield code="a">KXP-PPN1464869952</subfield>
   <subfield code="e">4003361318</subfield>
  </datafield>
 </record>
</collection>
